00391cam a2200145ua 4500001000400000008003900004040000900043082001500052245002800067250003800095260004500133300001700178653002200195653002800217932110423n ii |||gr||||Z||||||eng cMAIN a320.9541621 aState politics in Assam a1st / bedited by Bolin Hazarika. aJorhat:bState politics in Assam,c2000. ax,157p.:0cm. aPolitical science aState politics in Assam